Celebrity Shared Names Quiz Stats

 Plays Quiz Updated Jul 29, 2016

Challenge
Share
Tweet
Score 0/20 Timer 05:00
0 Plays Today
% Correct
John (Elton John and John Wayne)
98.4%
Taylor (Elizabeth Taylor and Taylor Swift)
93.9%
Clinton (Hillary Clinton and Clinton Kelly)
93.3%
Damon (Matt Damon and Damon Wayans)
90.6%
Cameron (James Cameron and Cameron Diaz)
85.7%
Lawrence (Jennifer Lawrence and Lawrence Welk)
85.4%
Ryan (Meg Ryan and Ryan Gosling)
84.9%
Tyler (Steven Tyler and Tyler Perry)
84.8%
James (Kevin James and James Dean)
82.3%
Kerry (John Kerry and Kerry Washington)
82.1%
% Correct
Martin (Steve Martin and Martin Short)
81.8%
Kelly (Grace Kelly and Kelly Clarkson)
79%
Russell (Keri Russell and Russell Brand)
77.5%
Richie (Lionel Richie and Richie Sambora)
76.3%
Allen (Tim Allen and Allen Leech)
72.3%
Anderson (Anthony Anderson and Anderson Cooper)
70.6%
Thomas (Jonathan Taylor Thomas and Thomas Jefferson)
68.3%
Scott (Adam Scott and Scott Bakula)
50%
Zoe (Rachel Zoe and Zoe Saldana)
38.3%
Blair (Linda Blair and Blair Underwood)
20.5%

You're not logged in!

Compare scores with friends on all Sporcle quizzes.
OR
Log In

You Might Also Like...

Show Comments

Extras

Top Quizzes Today


Score Distribution

Your Account Isn't Verified!

In order to create a playlist on Sporcle, you need to verify the email address you used during registration. Go to your Sporcle Settings to finish the process.

Report this User

Report this user for behavior that violates our Community Guidelines.

Details: